Statystyki dla Jednostki w Heroes of Might and Magic III

Kliknij tutaj aby rozwiązać quiz!

Ogólne statystyki

  • Ten quiz został rozwiązany 1,855 razy
  • Średni wynik to 61 z 78

Statystyki odpowiedzi

Answer % poprawnych
Anioł / Archanioł
98%
Łucznik / Kusznik
97%
Szkielet / Kościej
96%
Gryf / Gryf Królewski
95%
Diabeł / Arcydiabeł
95%
Zielony Smok / Złoty Smok
95%
Mag / Arcymag
94%
Pikinier / Halabardier
93%
Czerwony Smok / Czarny Smok
93%
Drzewiec / Ent
93%
Leśny Elf / Szary Elf
93%
Krasnolud / Krasnoludzki Wojownik
93%
Ożywieniec / Zombie
93%
Mnich / Kapłan
93%
Jednorożec / Jednorożec Bitewny
92%
Chochlik / Gremlin
92%
Centaur / Centaur Bojowy
92%
Wampir / Alp
92%
Gigant / Tytan
92%
Behemot / Starożytny Behemot
91%
Żywiołak Wody / Żywiołak Lodu
91%
Cyklop / Cyklop Królewski
90%
Żywiołak Ognia / Żywiołak Energii
90%
Ognisty Ptak / Feniks
89%
Zjawa / Upiór
89%
Miecznik / Krzyżowiec
89%
Pegaz / Srebrny Pegaz
88%
Kawalerzysta / Czempion
88%
Licz / Arcylicz
88%
Piekielny Ogar / Cerber
87%
Hydra / Hydra Chaosu
87%
Ogr / Szaman
86%
Żywiołak Powietrza / Żywiołak Burzy
86%
Minotaur / Minotaur Królewski
86%
Geniusz/ Dżin
86%
Nimfa / Rusałka
85%
Gargulec / Granitowy Gargulec
85%
Goblin / Hobgoblin
84%
Ork / Uruk
83%
Harpia / Harpia Wiedźma
82%
Kamienny Golem / Żelazny Golem
82%
Meduza / Meduza Królewska
82%
Przeraza / Skorpena
81%
Wilczy Jeździec / Wilczy Rycerz
80%
Oslizg / Smoczy Oslizg
79%
Troglodyta / Piekielny Troglodyta
79%
Żywiołak Ziemii / Żywiołak Magmy
79%
Mantikora / Chimera
79%
Rok / Ptak Gromu
79%
Żywiołak Umysłu / Żywiołak Magii
78%
Gog / Magog
78%
Bazyliszek / Bazyliszek Królewski
78%
Demon / Rogaty Demon
77%
Złe Oko / Beholder
76%
Wiwerna / Królewska Wiwerna
75%
Czart / Czarci Lord
75%
Ifryt / Miryd
75%
Chłop
73%
Demigorgona / Gorgona
71%
Gnoll / Zwierzołak
70%
Czarny Rycerz / Władca Mroku
69%
Czarodziej
65%
Diablik / Chowaniec
65%
Kryształowy Smok
61%
Strzelec
59%
Niziołek
59%
Rdzawy Smok
58%
Błękitny Smok
58%
Jaszczuroczłek / Reptilion
58%
Drakolicz / Smok Cienia
56%
Złoty Golem
55%
Czarodziejski Smok
54%
Diamentowy Golem
53%
Troll
48%
Nomad
47%
Mumia
46%
Dzik
44%
Rozbójnik
37%

Rozkład punktacji

Percentyl według liczby udzielonych odpowiedzi

Procent ludzi z każdym wynikiem

Twoja historia wyników

Nie rozwiązałeś tego quizu